[Event "Dortmund Sparkassen op"]
[Site "Dortmund"]
[Date "2008.07.01"]
[Round "3"]
[White "Weber, Hubert"]
[Black "Heyden, Jonas"]
[Result "1/2-1/2"]
[WhiteElo "2078"]
[BlackElo "2105"]
[PlyCount "49"]
[EventDate "2008.06.30"]
[EventType "swiss"]
[EventRounds "9"]
[EventCountry "GER"]
[SourceTitle "CBM 125 Extra"]
[Source "ChessBase"]
[SourceDate "2008.09.01"]
[SourceVersion "1"]
[SourceVersionDate "2008.09.01"]
[SourceQuality "1"]

1. Nf3 d5 2. d4 Nf6 3. g3 c5 4. Bg2 Nc6 5. 0-0 e6 6. c4 b6 7. Nc3 h6 8. a3 Be7 9. cxd5 exd5 10. Be3 0-0 11. Ne5 Bb7 12. Qa4 Nxd4 13. Bxd4 cxd4 14. Qxd4 Bc5 15. Qd3 a5 16. a4 Qd6 17. Nf3 Ne4 18. Nd4 Nxc3 19. bxc3 Rfd8 20. Rfd1 Rac8 21. e3 Qc7 22. Nb5 Qe5 23. Bh3 Rc6 24. Bg2 Rcc8 25. Bh3 1/2-1/2

[Event "Dortmund Sparkassen op"]
[Site "Dortmund"]
[Date "2008.06.30"]
[Round "1"]
[White "Szobries, Harald"]
[Black "Heyden, Jonas"]
[Result "0-1"]
[WhiteElo "1931"]
[BlackElo "2105"]
[PlyCount "54"]
[EventDate "2008.06.30"]
[EventType "swiss"]
[EventRounds "9"]
[EventCountry "GER"]
[SourceTitle "CBM 125 Extra"]
[Source "ChessBase"]
[SourceDate "2008.09.01"]
[SourceVersion "1"]
[SourceVersionDate "2008.09.01"]
[SourceQuality "1"]

1. c4 c6 2. g3 Nf6 3. Nf3 d5 4. b3 Bg4 5. Bg2 Nbd7 6. Bb2 e6 7. d3 Bb4+ 8. Nbd2 0-0 9. 0-0 Qe7 10. a3 Bd6 11. b4 c5 12. bxc5 Nxc5 13. Ne5 Bh5 14. Re1 Bxe5 15. d4 Nd3 16. dxe5 Nd7 17. Qb3 N7c5 18. Qb5 Nxe1 19. Rxe1 Rad8 20. cxd5 exd5 21. Rc1 b6 22. a4 Qd7 23. Ba3 Qxb5 24. axb5 Bxe2 25. Bxc5 bxc5 26. Rxc5 d4 27. Rc7 Rc8 0-1

[Event "GER-chT U20"]
[Site "Kelheim"]
[Date "2007.12.27"]
[Round "1.5"]
[White "Heyden, Jonas"]
[Black "Sandring, Franz"]
[Result "1-0"]
[WhiteElo "1918"]
[BlackElo "1543"]
[PlyCount "137"]
[EventDate "2007.12.27"]
[EventType "team-swiss"]
[EventRounds "7"]
[EventCountry "GER"]
[SourceTitle "EXT 2022"]
[Source "ChessBase"]
[SourceDate "2021.10.06"]
[SourceVersion "1"]
[SourceVersionDate "2021.10.06"]
[SourceQuality "1"]
[WhiteTeam "Brackel SF U20"]
[BlackTeam "Leipzig Gohlis U20"]
[WhiteTeamCountry "GER"]
[BlackTeamCountry "GER"]

1. e4 c5 2. c4 e6 3. Ne2 b6 4. d4 cxd4 5. Nxd4 Bb7 6. Nc3 d6 7. f3 Nf6 8. Bg5 Nc6 9. Be2 a6 10. 0-0 Be7 11. Kh1 Rc8 12. Qd2 0-0 13. Rfd1 Rc7 14. Rac1 Qa8 15. Na4 Qa7 16. Qe3 Ne5 17. Nb3 Ned7 18. Bf4 e5 19. Bg3 Nh5 20. Bf2 Nc5 21. Nc3 Nf4 22. Qd2 f5 23. exf5 Rxf5 24. Be3 Qa8 25. Bxf4 Rxf4 26. Nd5 Bxd5 27. Qxd5+ Qxd5 28. Rxd5 g6 29. Nd2 Ne6 30. Nb3 Nc5 31. g3 Rf7 32. Kg2 Rd7 33. Nxc5 bxc5 34. Rc3 Rb7 35. Rd2 Bf8 36. Bd3 Bh6 37. Re2 Rb6 38. Be4 Rf8 39. b3 a5 40. Bc2 Bg7 41. Rd3 Bh6 42. Re1 Rf6 43. h4 Rb8 44. g4 Bf4 45. Rd5 Rb6 46. Be4 Rf8 47. Red1 Rd8 48. Rxc5 a4 49. Bc2 Be3 50. Rxe5 axb3 51. Bxb3 dxe5 52. Rxd8+ Kg7 53. Rd7+ Kf8 54. Kf1 h6 55. Ke2 Bf4 56. Kd3 Ke8 57. Rd5 Ke7 58. c5 Rc6 59. Bc4 Rc8 60. a4 Ra8 61. Bb5 g5 62. h5 Ke6 63. Rd6+ Ke7 64. Rxh6 Rd8+ 65. Rd6 e4+ 66. Kxe4 Bxd6 67. cxd6+ Kxd6 68. Kf5 Rg8 69. Bc4 1-0

[Event "Dortmund op-A"]
[Site "Dortmund"]
[Date "2007.06.27"]
[Round "5"]
[White "Heyden, Jonas"]
[Black "Olyschlaeger, Richard"]
[Result "1-0"]
[WhiteElo "2144"]
[BlackElo "1903"]
[PlyCount "95"]
[EventDate "2007.06.22"]
[EventType "swiss"]
[EventRounds "9"]
[EventCountry "GER"]
[SourceTitle "EXT 2008"]
[Source "ChessBase"]
[SourceDate "2007.11.25"]
[SourceVersion "1"]
[SourceVersionDate "2007.11.25"]
[SourceQuality "1"]

1. e4 c5 2. c4 Nc6 3. Ne2 e5 4. Nbc3 d6 5. d3 h5 6. Nd5 Nce7 7. Nec3 Nxd5 8. Nxd5 Ne7 9. f4 Nxd5 10. cxd5 exf4 11. Bxf4 Be7 12. Be2 h4 13. 0-0 Bf6 14. Qd2 Qe7 15. Rab1 a5 16. Be3 0-0 17. Bf3 Bd7 18. a3 b5 19. d4 cxd4 20. Bxd4 Bxd4+ 21. Qxd4 Qe5 22. Qf2 h3 23. g3 f5 24. exf5 Rxf5 25. Rbe1 Qf6 26. Re3 Rf8 27. Qe2 g5 28. Re7 Bc8 29. Re8 g4 30. Rxf8+ Qxf8 31. Be4 Rxf1+ 32. Qxf1 Qxf1+ 33. Kxf1 Kf7 34. Ke2 Kf6 35. Bh7 Ke5 36. Bg8 Bf5 37. Ke3 Be4 38. Be6 Bf5 39. Bf7 Be4 40. Be8 Kxd5 41. Bxb5 Ke5 42. Bd7 Bf3 43. b4 axb4 44. axb4 d5 45. Bc8 d4+ 46. Kd3 Be4+ 47. Kd2 Bf3 48. b5 1-0

[Event "GER-chT U16"]
[Site "Berlin"]
[Date "2005.12.29"]
[Round "5.2"]
[White "Heyden, Jonas"]
[Black "Weber, Max"]
[Result "1/2-1/2"]
[WhiteElo "1920"]
[BlackElo "2022"]
[PlyCount "77"]
[EventDate "2005.12.27"]
[EventType "team-swiss"]
[EventRounds "7"]
[EventCountry "GER"]
[SourceTitle "EXT 2022"]
[Source "ChessBase"]
[SourceDate "2021.10.06"]
[SourceVersion "1"]
[SourceVersionDate "2021.10.06"]
[SourceQuality "1"]
[WhiteTeam "Brackel SF U16"]
[BlackTeam "Neuberg U16"]
[WhiteTeamCountry "GER"]
[BlackTeamCountry "GER"]

1. e4 c5 2. c4 Nc6 3. Ne2 e5 4. Nbc3 g6 5. g3 Bg7 6. Bg2 Nge7 7. 0-0 d6 8. d3 Be6 9. Nd5 h6 10. f4 Qd7 11. a3 Nd4 12. Nxd4 cxd4 13. Bd2 Nxd5 14. cxd5 Bg4 15. Bf3 Bh3 16. Bg2 Bg4 17. Bf3 Bh3 18. Re1 h5 19. Rc1 Bh6 20. fxe5 Bxd2 21. Qxd2 dxe5 22. Qg5 Qd6 23. Bg2 Bd7 24. Rf1 Rc8 25. Rxc8+ Bxc8 26. Rf6 Qc7 27. d6 Qc5 28. b4 Qb5 29. a4 Qxd3 30. Qxe5+ Be6 31. Rxe6+ fxe6 32. Qxh8+ Kd7 33. Qh6 Qb1+ 34. Bf1 Qxe4 35. Qg7+ Kxd6 36. Qf8+ Ke5 37. Qg7+ Kd6 38. Qf8+ Ke5 39. Qg7+ 1/2-1/2

[Event "GER-chT U16"]
[Site "Berlin"]
[Date "2005.12.28"]
[Round "4.2"]
[White "Steinbach, Ulrich"]
[Black "Heyden, Jonas"]
[Result "1/2-1/2"]
[WhiteElo "1673"]
[BlackElo "1920"]
[PlyCount "63"]
[EventDate "2005.12.27"]
[EventType "team-swiss"]
[EventRounds "7"]
[EventCountry "GER"]
[SourceTitle "EXT 2022"]
[Source "ChessBase"]
[SourceDate "2021.10.06"]
[SourceVersion "1"]
[SourceVersionDate "2021.10.06"]
[SourceQuality "1"]
[WhiteTeam "Koeln Muelheim U16"]
[BlackTeam "Brackel SF U16"]
[WhiteTeamCountry "GER"]
[BlackTeamCountry "GER"]

1. e4 e5 2. Nf3 Nc6 3. Nc3 Nf6 4. g3 Bb4 5. Bg2 d6 6. d3 h6 7. 0-0 Bg4 8. h3 Bh5 9. Be3 0-0 10. g4 Bg6 11. Nh4 Ne7 12. f4 exf4 13. Bxf4 Nd7 14. Nf5 Ba5 15. Ne2 Nxf5 16. gxf5 Bh5 17. Bf3 Qh4 18. Kh2 Ne5 19. Bxh5 Qxh5 20. Ng3 Qxd1 21. Raxd1 Rad8 22. d4 Nd7 23. Rg1 Kh7 24. Rg2 Nf6 25. Rdg1 Rg8 26. c4 Bb6 27. e5 dxe5 28. Bxe5 Nd7 29. Nh5 g6 30. fxg6+ fxg6 31. Nf6+ Nxf6 32. Bxf6 1/2-1/2

[Event "Dortmund op-A"]
[Site "Dortmund"]
[Date "2005.07.16"]
[Round "8"]
[White "Rezasade, Amir"]
[Black "Heyden, Jonas"]
[Result "1-0"]
[WhiteElo "2126"]
[BlackElo "1853"]
[PlyCount "145"]
[EventDate "2005.07.08"]
[EventType "swiss"]
[EventRounds "9"]
[EventCountry "GER"]
[SourceTitle "CBM 107 Extra"]
[Source "ChessBase"]
[SourceDate "2005.09.01"]
[SourceVersion "1"]
[SourceVersionDate "2005.09.01"]
[SourceQuality "1"]

1. c4 c6 2. g3 d5 3. Bg2 Nf6 4. Nf3 Bg4 5. Qc2 e6 6. 0-0 Bd6 7. d4 0-0 8. b3 h6 9. Bb2 Nbd7 10. Nbd2 Bf5 11. Qc3 Ne4 12. Nxe4 Bxe4 13. Rfd1 Rc8 14. Rac1 Qc7 15. Ne1 Bxg2 16. Nxg2 Bb4 17. Qc2 Ba3 18. Nf4 Bxb2 19. Qxb2 Nf6 20. Nd3 Nd7 21. b4 Nb6 22. Ne5 Nxc4 23. Nxc4 dxc4 24. Rxc4 Rfd8 25. Rdc1 Qd7 26. e3 a6 27. a4 g6 28. Rc5 Ra8 29. Qc3 Qe8 30. Kg2 Qd7 31. h3 h5 32. Qc2 Qe7 33. Qe4 Rd5 34. Qf4 Rad8 35. h4 R8d7 36. Qe4 Rd8 37. Qb1 Qd7 38. Qb2 Qe8 39. Rb1 Qd7 40. Rbc1 Qe8 41. Qc3 Qd7 42. Kh2 Qe7 43. Kg2 Qd7 44. Rc2 Qd6 45. Rb2 Qd7 46. Rb1 Qe8 47. Qb2 Qd7 48. Qe2 Qe7 49. Qb2 Qd7 50. Rc4 Qe7 51. e4 R5d7 52. a5 Qf6 53. e5 Qf5 54. Rd1 g5 55. hxg5 Qxg5 56. Rh1 Qg6 57. Rh4 Kf8 58. Qe2 Ke7 59. Qf3 Rh8 60. Qe4 Qxe4+ 61. Rxe4 Rdd8 62. Rh4 Rdg8 63. Kf3 Rg5 64. Rc1 Rf5+ 65. Ke3 Rg8 66. Rch1 Rgg5 67. R1h3 f6 68. f4 Rg8 69. Kf3 Rd8 70. Rxh5 Rxd4 71. Rh7+ Kd8 72. Rxb7 Kc8 73. Rf7 1-0

[Event "Dortmund op-A"]
[Site "Dortmund"]
[Date "2005.07.14"]
[Round "6"]
[White "Kartsev, Soel"]
[Black "Heyden, Jonas"]
[Result "1-0"]
[WhiteElo "2253"]
[BlackElo "1853"]
[PlyCount "69"]
[EventDate "2005.07.08"]
[EventType "swiss"]
[EventRounds "9"]
[EventCountry "GER"]
[SourceTitle "CBM 107 Extra"]
[Source "ChessBase"]
[SourceDate "2005.09.01"]
[SourceVersion "1"]
[SourceVersionDate "2005.09.01"]
[SourceQuality "1"]

1. f4 d5 2. Nf3 Nc6 3. d4 Bg4 4. g3 Bxf3 5. exf3 e6 6. Be3 Nf6 7. Nd2 Bd6 8. a3 Qd7 9. Bd3 0-0 10. 0-0 Ne7 11. Bf2 Ng6 12. Re1 c6 13. c3 Rac8 14. b4 b6 15. Nb3 Bb8 16. a4 Ne7 17. a5 h5 18. axb6 axb6 19. Qd2 Nf5 20. h3 Nd6 21. g4 Nc4 22. Qc1 Qc7 23. Bg3 Rfe8 24. Ra2 g5 25. Re5 Nxe5 26. fxe5 Nh7 27. Bxh7+ Kxh7 28. Qxg5 f6 29. Qxh5+ Kg8 30. Ra6 b5 31. Na5 Qg7 32. Nxc6 f5 33. Bh4 Rc7 34. Bf6 Qh7 35. Qxe8# 1-0

[Event "Ruhrgebiet VK2 0405"]
[Site "Ruhrgebiet"]
[Date "2004.11.14"]
[Round "3.8"]
[White "Heyden, Jonas"]
[Black "Banik, Andreas"]
[Result "1-0"]
[WhiteElo "1823"]
[BlackElo "1807"]
[PlyCount "77"]
[EventDate "2004.09.12"]
[EventType "team-tourn"]
[EventRounds "9"]
[EventCountry "GER"]
[SourceTitle "EXT 2006"]
[Source "ChessBase"]
[SourceDate "2005.11.24"]
[SourceVersion "1"]
[SourceVersionDate "2005.11.24"]
[SourceQuality "1"]
[WhiteTeam "Brackel III"]
[BlackTeam "Ickern"]
[WhiteTeamCountry "GER"]
[BlackTeamCountry "GER"]

1. e4 c6 2. d4 d5 3. f3 dxe4 4. fxe4 Nf6 5. Nc3 e5 6. d5 Bb4 7. Bg5 Qa5 8. Qd3 cxd5 9. Bxf6 gxf6 10. exd5 Nd7 11. 0-0-0 Bxc3 12. bxc3 Qxa2 13. Qf3 Qa3+ 14. Kd2 Qd6 15. Nh3 Nc5 16. Bb5+ Bd7 17. Bxd7+ Qxd7 18. Nf2 f5 19. Kc1 0-0-0 20. g4 fxg4 21. Nxg4 e4 22. Qe3 Qd6 23. Nh6 Rd7 24. Nf5 Qb6 25. Rd4 Rhd8 26. Rc4 Rxd5 27. Ne7+ Kb8 28. Nxd5 Rxd5 29. Qf4+ Ka8 30. Rd1 Rxd1+ 31. Kxd1 a5 32. Qxf7 Qb1+ 33. Kd2 e3+ 34. Kxe3 Qe1+ 35. Kd4 b6 36. Qf8+ Kb7 37. Qf3+ Ka6 38. Qa8+ Kb5 39. Rb4+ 1-0

[Event "Dortmund op-B"]
[Site "Dortmund"]
[Date "2004.07.30"]
[Round "8"]
[White "Volkov, Mykyta"]
[Black "Heyden, Jonas"]
[Result "0-1"]
[WhiteElo "1888"]
[BlackElo "1792"]
[PlyCount "56"]
[EventDate "2004.07.??"]
[EventType "swiss"]
[EventRounds "9"]
[EventCountry "GER"]
[SourceTitle "EXT 2006"]
[Source "ChessBase"]
[SourceDate "2005.11.24"]
[SourceVersion "1"]
[SourceVersionDate "2005.11.24"]
[SourceQuality "1"]

1. d4 d5 2. c4 e6 3. Nc3 Nf6 4. Bg5 c6 5. e3 Nbd7 6. Nf3 Qa5 7. Nd2 dxc4 8. Bxf6 Nxf6 9. Nxc4 Qg5 10. Ne5 Nd5 11. Nf3 Qd8 12. Be2 Bb4 13. Rc1 0-0 14. 0-0 Bd6 15. e4 Ne7 16. e5 Bc7 17. Ne4 Qd5 18. Bd3 Qxa2 19. Nfg5 h6 20. Qh5 Nf5 21. Nf6+ gxf6 22. exf6 Qd5 23. Rc5 Qd6 24. g3 e5 25. Bc4 Qxf6 26. Nxf7 Be6 27. dxe5 Qxf7 28. Bxe6 Qxe6 0-1

[Event "NRW-ch U16"]
[Site "Wolfsburg"]
[Date "2004.04.17"]
[Round "7"]
[White "Fox, Daniel"]
[Black "Heyden, Jonas"]
[Result "0-1"]
[WhiteElo "1726"]
[BlackElo "1595"]
[PlyCount "48"]
[EventDate "2004.04.??"]
[EventType "swiss"]
[EventRounds "7"]
[EventCountry "GER"]
[SourceTitle "EXT 2005"]
[Source "ChessBase"]
[SourceDate "2004.11.15"]
[SourceVersion "1"]
[SourceVersionDate "2004.11.15"]
[SourceQuality "1"]

1. e4 e6 2. d4 d5 3. Nc3 Nf6 4. e5 Nfd7 5. f4 c5 6. Nf3 Nc6 7. Be3 Qb6 8. Rb1 cxd4 9. Nxd4 Bc5 10. Nce2 0-0 11. c3 f6 12. exf6 Rxf6 13. g3 e5 14. fxe5 Ndxe5 15. Bg2 Bg4 16. Bxd5+ Kh8 17. Bxc6 Nxc6 18. Qd2 Re8 19. Kd1 Bxd4 20. cxd4 Rfe6 21. Kc1 Bxe2 22. Qxe2 Rxe3 23. Qd2 Nxd4 24. Rf1 Ne2+ 0-1

[Event "NRW-ch U16"]
[Site "Wolfsburg"]
[Date "2004.04.12"]
[Round "1"]
[White "Coenen, Michael"]
[Black "Heyden, Jonas"]
[Result "1-0"]
[WhiteElo "1880"]
[BlackElo "1595"]
[PlyCount "99"]
[EventDate "2004.04.??"]
[EventType "swiss"]
[EventRounds "7"]
[EventCountry "GER"]
[SourceTitle "EXT 2005"]
[Source "ChessBase"]
[SourceDate "2004.11.15"]
[SourceVersion "1"]
[SourceVersionDate "2004.11.15"]
[SourceQuality "1"]

1. Nf3 Nf6 2. d4 d5 3. g3 g6 4. Bg2 Bg7 5. 0-0 0-0 6. Re1 c6 7. Nbd2 Bg4 8. Ne5 Bf5 9. f3 Qb6 10. Nb3 Nbd7 11. Nxd7 Bxd7 12. e4 dxe4 13. fxe4 e5 14. c3 Rad8 15. Kh1 Rfe8 16. Be3 exd4 17. Bxd4 Qc7 18. Qc2 Ng4 19. Rad1 Ne5 20. Rf1 Bg4 21. Rde1 b6 22. Nd2 c5 23. Bxe5 Qxe5 24. Nc4 Qe6 25. Ne3 Bh3 26. Nd5 Bxg2+ 27. Kxg2 Rd7 28. c4 Qe5 29. Re2 h5 30. Qa4 Red8 31. Rd1 Qe6 32. Qc2 Qe5 33. h3 Qg5 34. Qa4 Kh8 35. Rf1 Be5 36. Qb3 Kg8 37. Qf3 Bd4 38. Qd3 Kg7 39. b4 h4 40. g4 Rb8 41. Qb3 Rbd8 42. a4 cxb4 43. Qxb4 Qe5 44. Rf3 Bc5 45. Qe1 Qg5 46. Qc3+ f6 47. e5 Rf8 48. Rxf6 Rdd8 49. Rxf8 Rxf8 50. e6+ 1-0

[Event "Ruhrgebiet-ch U16"]
[Site "Muelheim"]
[Date "2004.04.06"]
[Round "5"]
[White "Graw, Christopher"]
[Black "Heyden, Jonas"]
[Result "1/2-1/2"]
[WhiteElo "1774"]
[BlackElo "1595"]
[PlyCount "34"]
[EventDate "2004.04.??"]
[EventType "swiss"]
[EventRounds "7"]
[EventCountry "GER"]
[SourceTitle "EXT 2005"]
[Source "ChessBase"]
[SourceDate "2004.11.15"]
[SourceVersion "1"]
[SourceVersionDate "2004.11.15"]
[SourceQuality "1"]

1. e4 e6 2. d4 d5 3. Nd2 Nf6 4. e5 Nfd7 5. c3 c5 6. f4 Nc6 7. Ndf3 Qb6 8. a3 a5 9. Bd3 cxd4 10. Ne2 dxc3 11. Nxc3 Be7 12. Qe2 0-0 13. Nb5 Bc5 14. Bxh7+ Kh8 15. Ng5 g6 16. Nxe6 Kxh7 17. Nxf8+ Nxf8 1/2-1/2

[Event "Ruhrgebiet-ch U16"]
[Site "Muelheim"]
[Date "2004.04.04"]
[Round "3"]
[White "Grasse, Herbert"]
[Black "Heyden, Jonas"]
[Result "0-1"]
[WhiteElo "1248"]
[BlackElo "1595"]
[PlyCount "82"]
[EventDate "2004.04.??"]
[EventType "swiss"]
[EventRounds "7"]
[EventCountry "GER"]
[SourceTitle "EXT 2005"]
[Source "ChessBase"]
[SourceDate "2004.11.15"]
[SourceVersion "1"]
[SourceVersionDate "2004.11.15"]
[SourceQuality "1"]

1. Nf3 d5 2. g3 Nf6 3. Bg2 Nc6 4. d3 e5 5. 0-0 Bg4 6. Nbd2 Qd7 7. Re1 Bd6 8. e4 0-0-0 9. c3 h5 10. h4 Rdg8 11. Qb3 dxe4 12. dxe4 Nh7 13. Nh2 Bh3 14. Bxh3 Qxh3 15. Ndf3 f6 16. Be3 g5 17. hxg5 Nxg5 18. Bxg5 fxg5 19. Kh1 Be7 20. Rg1 g4 21. Qe6+ Kb8 22. Nxe5 Nxe5 23. Qxe5 Bd6 24. Qd4 h4 25. Rg2 hxg3 26. fxg3 Bxg3 27. Qd2 Be5 28. Rf1 g3 29. Rf3 Qxh2+ 30. Rxh2 Rxh2+ 31. Qxh2 gxh2 32. Rf1 b6 33. Ra1 Kb7 34. c4 Rg1+ 35. Rxg1 hxg1Q+ 36. Kxg1 Bxb2 37. Kf2 Kc6 38. Ke3 Be5 39. Kd3 Kc5 40. a3 a6 41. a4 Kb4 0-1

[Event "Ruhrgebiet-ch U16"]
[Site "Muelheim"]
[Date "2004.04.04"]
[Round "2"]
[White "Heyden, Jonas"]
[Black "Quast, Marcel"]
[Result "0-1"]
[WhiteElo "1595"]
[BlackElo "1277"]
[PlyCount "64"]
[EventDate "2004.04.??"]
[EventType "swiss"]
[EventRounds "7"]
[EventCountry "GER"]
[SourceTitle "EXT 2005"]
[Source "ChessBase"]
[SourceDate "2004.11.15"]
[SourceVersion "1"]
[SourceVersionDate "2004.11.15"]
[SourceQuality "1"]

1. e4 e5 2. Nf3 Nc6 3. Bc4 Bc5 4. d3 h6 5. Nc3 Nf6 6. Be3 Bb6 7. h3 d6 8. Qd2 Be6 9. Bb3 0-0 10. 0-0-0 Bxe3 11. fxe3 Bxb3 12. axb3 d5 13. exd5 Nxd5 14. g4 Nxc3 15. Qxc3 Qd6 16. Rdg1 a5 17. Qc4 Ne7 18. g5 h5 19. Nh4 g6 20. Rf1 Qd7 21. Rf6 b5 22. Qe4 a4 23. b4 a3 24. bxa3 Rxa3 25. Qxe5 Nd5 26. Rf3 Qc6 27. Qb2 Nxb4 28. Qxb4 Ra1+ 29. Kb2 Rxh1 30. Rf6 Qa8 31. Rxg6+ fxg6 32. Qb3+ Rf7 0-1

[Event "GER-chT U16"]
[Site "Greifswald"]
[Date "2003.12.29"]
[Round "5.2"]
[White "Heyden, Jonas"]
[Black "Krebs, Martin"]
[Result "0-1"]
[WhiteElo "1630"]
[BlackElo "1675"]
[PlyCount "72"]
[EventDate "2003.12.27"]
[EventType "team-swiss"]
[EventRounds "7"]
[EventCountry "GER"]
[SourceTitle "EXT 2022"]
[Source "ChessBase"]
[SourceDate "2021.10.06"]
[SourceVersion "1"]
[SourceVersionDate "2021.10.06"]
[SourceQuality "1"]
[WhiteTeam "Brackel SF U16"]
[BlackTeam "Muennerstadt Turm U16"]
[WhiteTeamCountry "GER"]
[BlackTeamCountry "GER"]

1. e4 c5 2. Nf3 d6 3. d4 cxd4 4. Nxd4 Nf6 5. Nc3 Nc6 6. Nb3 g6 7. f3 Bg7 8. Be3 Bd7 9. Qd2 Rc8 10. Bh6 0-0 11. 0-0-0 Na5 12. Nxa5 Qxa5 13. Bxg7 Kxg7 14. g4 b5 15. h4 b4 16. Nb1 Be6 17. Bd3 Bxa2 18. h5 Qc5 19. hxg6 fxg6 20. e5 Ng8 21. exd6 Qxd6 22. Qe3 Qf4 23. Qxf4 Rxf4 24. Nd2 Bd5 25. Rhf1 Rcf8 26. Be2 e6 27. Rg1 Ne7 28. Rg3 Nc6 29. Rf1 Ne5 30. Kd1 Nc4 31. Bxc4 Bxc4 32. Rh1 Kg8 33. Ke1 Bd5 34. Kf2 Rc8 35. Ke3 Rf7 36. Kd3 Rd7 0-1